000
00321nam a22001457a 4500
003
SGT
082
_a
611
_b
W25S
100
_a
SONATAKKE, YOGESH
245
_a
WORKBOOK OF HUMANANATOMY UPPER LIMB VOI-1
250
_a
1ST
260
_a
INDIA
_b
CBS PUB
_c
2025
300
_a
77
650
_a
HUMAN ANATOMY
942
_2
ddc
_c
BK
999
_c
33155
_d
33155